<?xml version="1.0" encoding="UTF-8"?><?xml-stylesheet type="text/xsl" href="static/style.xsl"?><OAI-PMH xmlns="http://www.openarchives.org/OAI/2.0/" xmlns:xsi="http://www.w3.org/2001/XMLSchema-instance" xsi:schemaLocation="http://www.openarchives.org/OAI/2.0/ http://www.openarchives.org/OAI/2.0/OAI-PMH.xsd"><responseDate>2026-06-29T02:48:55Z</responseDate><request verb="GetRecord" identifier="oai:docta.ucm.es:20.500.14352/131578" metadataPrefix="marc">https://docta.ucm.es/rest/oai/request</request><GetRecord><record><header><identifier>oai:docta.ucm.es:20.500.14352/131578</identifier><datestamp>2026-02-06T01:22:25Z</datestamp><setSpec>com_20.500.14352_14</setSpec><setSpec>col_20.500.14352_15</setSpec></header><metadata><record xmlns="http://www.loc.gov/MARC21/slim" xmlns:dcterms="http://purl.org/dc/terms/" xmlns:xsi="http://www.w3.org/2001/XMLSchema-instance" xmlns:doc="http://www.lyncode.com/xoai" xsi:schemaLocation="http://www.loc.gov/MARC21/slim http://www.loc.gov/standards/marcxml/schema/MARC21slim.xsd">
   <leader>00925njm 22002777a 4500</leader>
   <datafield ind2=" " ind1=" " tag="042">
      <subfield code="a">dc</subfield>
   </datafield>
   <datafield ind2=" " ind1=" " tag="720">
      <subfield code="a">Castellano, Michele</subfield>
      <subfield code="e">author</subfield>
   </datafield>
   <datafield ind2=" " ind1=" " tag="720">
      <subfield code="a">Marín Arriaza, María De Las Mercedes</subfield>
      <subfield code="e">author</subfield>
   </datafield>
   <datafield ind2=" " ind1=" " tag="720">
      <subfield code="a">Lasso Vázquez, José María</subfield>
      <subfield code="e">author</subfield>
   </datafield>
   <datafield ind2=" " ind1=" " tag="720">
      <subfield code="a">Bouza Santiago, Emilio</subfield>
      <subfield code="e">author</subfield>
   </datafield>
   <datafield ind2=" " ind1=" " tag="720">
      <subfield code="a">Pérez Cano, Rosa</subfield>
      <subfield code="e">author</subfield>
   </datafield>
   <datafield ind2=" " ind1=" " tag="720">
      <subfield code="a">Muñoz García, Patricia Carmen</subfield>
      <subfield code="e">author</subfield>
   </datafield>
   <datafield ind2=" " ind1=" " tag="720">
      <subfield code="a">Guembe, María</subfield>
      <subfield code="e">author</subfield>
   </datafield>
   <datafield ind2=" " ind1=" " tag="260">
      <subfield code="c">2022-09</subfield>
   </datafield>
   <datafield ind2=" " ind1=" " tag="520">
      <subfield code="a">The most frequent complications of post-mastectomy reconstructions are breast implant (BI) infection and capsular contracture (CC). The diagnosis of BI colonization is based on cultures from the sonicated BI and from the capsule tissue. Therefore, we first aimed to assess the yield of conventional culture and molecular techniques in periprosthetic fluid, in addition to BI and capsular tissue. Moreover, we compare colonization and biofilm production between patients with and without CC. During 19 months, we prospectively included patients whose BIs had been removed and divided them into two groups: A (CC, Baker III-IV) and B (no CC). Samples were obtained for conventional culture, 16 s rRNA PCR, and MALDI-TOF. Biofilm production was also evaluated. We included 81 BIs from 69 patients with CC (22) and without CC (53). Forty-three (53.1%) of the 81 BIs had ≥1 positive culture. The culture was positive in 57.1% and 50.9% in groups A and B, respectively (p = 0.645). The highest 16 s rRNA PCR positivity rate was detected in capsular tissue (40.5%). MALDI-TOF was unable to detect colonization in any of the samples. High biofilm production was the following: high biomass: A, 29.8%; B, 39.7% (p = 0.293); high metabolic activity: A, 36.2%; B, 34.5% (p = 0.857). We confirm that cultures from different sites are mandatory to ensure a proper diagnosis of BI colonization. Our study is the first to demonstrate that CC was not associated with BI colonization or high biofilm production. The application of molecular techniques in BI samples was not substantially useful for predicting colonization.</subfield>
   </datafield>
   <datafield ind1="8" ind2=" " tag="024">
      <subfield code="a">Castellano M, Marín M, Alcalá L, Cunnas I, Rodríguez B, Ruíz MJ, Lasso J, Pérez-Cano R, Bouza E, Muñoz P, Guembe M. Exhaustive diagnosis of breast implants with capsular contracture: The microbiology laboratory as a major support. J Plast Reconstr Aesthet Surg. 2022 Sep;75(9):3085-3093. doi: 10.1016/j.bjps.2022.06.014</subfield>
   </datafield>
   <datafield ind1="8" ind2=" " tag="024">
      <subfield code="a">1748-6815</subfield>
   </datafield>
   <datafield ind1="8" ind2=" " tag="024">
      <subfield code="a">10.1016/j.bjps.2022.06.014</subfield>
   </datafield>
   <datafield ind1="8" ind2=" " tag="024">
      <subfield code="a">https://hdl.handle.net/20.500.14352/131578</subfield>
   </datafield>
   <datafield ind1="8" ind2=" " tag="024">
      <subfield code="a">1878-0539</subfield>
   </datafield>
   <datafield ind1="8" ind2=" " tag="024">
      <subfield code="a">https://doi.org/10.1016/j.bjps.2022.06.014</subfield>
   </datafield>
   <datafield ind1="8" ind2=" " tag="024">
      <subfield code="a">35872019</subfield>
   </datafield>
   <datafield ind1="8" ind2=" " tag="024">
      <subfield code="a">https://www.sciencedirect.com/science/article/pii/S1748681522003278</subfield>
   </datafield>
   <datafield ind1="8" ind2=" " tag="024">
      <subfield code="a">https://pubmed.ncbi.nlm.nih.gov/35872019/</subfield>
   </datafield>
   <datafield ind2="0" ind1="0" tag="245">
      <subfield code="a">Exhaustive diagnosis of breast implants with capsular contracture: The microbiology laboratory as a major support</subfield>
   </datafield>
</record></metadata></record></GetRecord></OAI-PMH>